CAD CAM CONCEPTS AND APPLICATIONS (Record no. 14052)
[ view plain ]
| 000 -LEADER | |
|---|---|
| fixed length control field | 00300nam a2200121Ia 4500 |
| 008 - FIXED-LENGTH DATA ELEMENTS--GENERAL INFORMATION | |
| fixed length control field | 240624s9999 xx 000 0 und d |
| 041 ## - LANGUAGE CODE | |
| Language code of text/sound track or separate title | eng |
| 082 ## - DEWEY DECIMAL CLASSIFICATION NUMBER | |
| Classification number | 670 ALA |
| 100 ## - MAIN ENTRY--PERSONAL NAME | |
| Personal name | CHENNAKESAVA |
| 245 ## - TITLE STATEMENT | |
| Title | CAD CAM CONCEPTS AND APPLICATIONS |
| 260 ## - PUBLICATION, DISTRIBUTION, ETC. | |
| Date of publication, distribution, etc. | 2009 |
| Place of publication, distribution, etc. | New Delhi |
| Name of publisher, distributor, etc. | PHI Learning |
| 365 ## - TRADE PRICE | |
| Currency code | RS |
| Price amount | 35 |
| Withdrawn status | Lost status | Damaged status | Not for loan | Home library | Current library | Shelving location | Date acquired | Source of acquisition | Cost, normal purchase price | Total Holds | Full call number | Barcode | Date last seen | Copy number | Price effective from | Koha item type |
|---|---|---|---|---|---|---|---|---|---|---|---|---|---|---|---|---|
| IMTN | IMTN | Rack 38-A | 11/20/2009 | IBH | 325.00 | 1114 | 670 ALA | 14052 | 06/24/2024 | 1 | 06/24/2024 | Books |